Catálogo

LA HISTORIA, ALBUR DEL HOMBRE (Registro nro. 57864)

Detalles MARC
000 -LEADER
fixed length control field 01029nam a2200205 a 4500
001 - CONTROL NUMBER
control field 57864
005 - DATE AND TIME OF LATEST TRANSACTION
control field 20180714054232.0
008 - FIXED-LENGTH DATA ELEMENTS--GENERAL INFORMATION
fixed length control field 140415s1990 mx 000 0 spa d
020 ## - INTERNATIONAL STANDARD BOOK NUMBER
International Standard Book Number 9681633350
041 ## - LANGUAGE CODE
Language code of text/sound track or separate title spa
082 ## - DEWEY DECIMAL CLASSIFICATION NUMBER
Classification number 302
Item number BRE
245 03 - TITLE STATEMENT
Title LA HISTORIA, ALBUR DEL HOMBRE
250 ## - EDITION STATEMENT
Edition statement 1a ed.
260 ## - PUBLICATION, DISTRIBUTION, ETC.
Place of publication, distribution, etc. MEXICO :
Name of publisher, distributor, etc. FONDO DE CULTURA ECONOMICA,
Date of publication, distribution, etc. 1990
300 ## - PHYSICAL DESCRIPTION
Extent 303
490 ## - SERIES STATEMENT
Series statement SECCION DE OBRAS DE FILOSOFIA
520 ## - SUMMARY, ETC.
Summary, etc. LA CONOCIMIENTO DEL HOMBRE PLANETA DISTINTOS RETIS Y LIMITACIONES A LAS DIVERSAS DISCIPLINAS QUE INTENTAN ABORADAR, CIRCUNSCRIBIENDO AL COMPLEJO DE EDIPO, A LAS LIMITACIONES CULTURALES O A LAS DECISIONES DE REYES, PRINCIPES O ESTADISTAS LAS POSIBILIDADES DEL HOMO SAPIENS. SIN EMBARGO , EL AUTOR DE ESTE ESTUDIO PROPONE LA POSIBILIDAD DE QUE DICHOS ESTRECHOS LIMITES SE ENSANCHEN, COBREPONIENDO LOS DISTINTOS SABERES A UN INTERES FUNDAMENTAL, EL DE RESPONDER A LAS PREGUNTAS BASICAS: ¿PORQU
700 1# - ADDED ENTRY--PERSONAL NAME
Personal name FALERO, BEATRIZ
Relator term tr.
740 ## - ADDED ENTRY--UNCONTROLLED RELATED/ANALYTICAL TITLE
Uncontrolled related/analytical title HISTORY-THE HUMAN GAMBLE
Existencias
Withdrawn status Lost status Source of classification or shelving scheme Damaged status Not for loan Collection code Home library Current library Shelving location Date acquired Source of acquisition Inventory number Total Checkouts Full call number Barcode Date last seen Price effective from Koha item type
    Dewey Decimal Classification     General Biblioteca Karol Wojtyla Biblioteca Karol Wojtyla Sala general 03/12/2013 Compra 151000000000000000057966   302 BRE 87354 05/01/2026 03/12/2013 Libro